LEADER 01470nam a2200229 i 4500 001 000000256150 003 CaOOAMICUS 005 20171110000000.0 008 171110s1642 it u000 u lat u 013 $a235058 026 $atuus i-m- ima- femi (3) 1642 (R) 040 $aSeMil$bita 245 10$aOperum S. Ambrosij Mediolanensis episcopi tomus primus .. 300 $a[8] p., 96, 1150 [i. e. 1144] col., [1] p., [1] carta di tav. :$b1 calcogg. 500 $aSegn.: a4 b-e6 A-3A6 3B4. - Diversi errori nella num. delle colonne. - Ritr. calcogr. dell'A. a c. a1v. - Front. stampato in rosso e nero. - Il vol. 2 inizia con propria intitolazione a c. 2A6r. - A c. D4v. inizia con occhietto : In symbolum apostolorum tractatus. - Lascito Card. C.M. Martini. 500 $aMarca editoriale: Nave. Scritta: Lutetia. (R824) Sul front. 773 0 $aAmbrosius $tSancti Ambrosij Mediolanensis episcopi Opera, ex editione Romana. Sacrae Scripturae contextum, ad faciliorem lectorum intelligentiam, ex ipsa sancti doctori lectione, & ex 70. interpretum, quos potissimům sequitur, translatione erutum, complectente.$dParisiis : [Compagnie du Grand Navire], 1642$g1$w()14017 850 $aSeMil 852 $aSeMil$W1$xVenegono$y1$m2F VIII 5-6 FA$j206496$B206496$CSeMilBibl$Z2$F219862 $8I 941 1 $a4 961 $aLascito: Martini Card. Carlo Maria 996 $6245$aOperum S. Ambrosij Mediolanensis episcopi tomus primus ..$9(OLS)http://semarc/title/412135 LEADER 01280nam a2200253 i 4500 001 000000087308 003 CaOOAMICUS 005 20170313000000.0 008 170313s2010 it u000 u ita u 013 $a59548 040 $aSeMil$bita 100 1 $aMontan, Agostino,$c.$0(OLS)http://semarc/name/3772 245 10$aDiritto liturgico e dei sacramenti. :$bla dimensione giuridica della celebrazione del mistero cristiano : CIC, cc. 834-1054 /$cMontan Agostino. 260 $aRoma :$b[s.n.],$cstampa 2010$e(Roma :$fScuola Tipografica S. Pio 10. ,$gstampa 2010) 300 $a192 p. ;$c24 cm. 500 $aContiene : Appendice. 650 4$aLiturgia - Diritto canonico.$0(OLS)http://semarc/subject/155 650 4$aDiritto Canonico - Codice - Can. 834-1054.$0(OLS)http://semarc/subject/45728 650 4$aDiritto canonico e diritto liturgico.$0(OLS)http://semarc/subject/45729 850 $aSeMil 852 $aSeMil$W1$xVenegono$y1$m2H IV 59$j50836$B50836$CSeMilBibl$Z2$F54907 $81 961 $aLascito: Coronelli don Renato 996 $6245$aDiritto liturgico e dei sacramenti. :$bla dimensione giuridica della celebrazione del mistero cristiano : CIC, cc. 834-1054$9(OLS)http://semarc/title/405924 996 $6260$aRoma :$b[s.n.]$9(OLS)http://semarc/publisher/29738